000 00596aas a2200181 4500
999 _c50155
_d50155
001 768714001
003 CO-MdFUSB
005 20170914153737.0
008 170914s1999 ag ||||| |||| 00| 0 spa d
022 _a0326-6737
040 _aCO-MdFUSB
_bspa
_cCO-MdFUSB
_dCO-MdFUSB
041 _aspa
100 1 _aHeise, Ekkehard
_eautor
245 1 0 _aCura las almas :
_bel rescate de un concepto tradicional
_c/ Heise, Ekkehard
300 _aVolumen 18 (1999), páginas 115-127
_c: 23 cm.
773 0 _tCuadernos de Teología
_049404
_959703
_gVolumen 18 (1999), páginas 115-127
_qPágina 115
942 _cANA